Statistiken für Kopfrechnen - Multiplikation

Klicken Sie hier um das Quiz zu spielen!

Allgemein

  • Dieses Quiz wurde 915 mal gespielt
  • Das Durchschnittsergebnis liegt bei 8 aus 10

Antwortstatistiken

BerechnungAntworten% Korrekt
1 x 1313
89%
7 x 535
88%
9 x 19
88%
9 x 436
87%
2 x 510
84%
11 x 10110
84%
17 x 234
84%
8 x 1080
84%
1 x 22
83%
4 x 312
82%
0.5 x 42
82%
13 x 339
82%
20 x 6120
81%
9 x 327
81%
2 x 714
80%
5 x 840
79%
15 x 3
45
79%
10 x 14140
78%
7 x 963
78%
6 x 954
77%
30 x 390
77%
6 x 318
74%
5 x 630
74%
5 x 1785
71%
12 x 896
70%
5 x 1365
68%
7 x 856
67%
16 x 580
66%
6 x 2.515
58%
3 x 1.54.5
3%

Verteilung der Resultate

Perzentil nach korrekt beantworteten Fragen

Anzahl Personen mit jedem Resultat

Ihre Resultats-Entwicklung

Sie haben dieses Quiz noch nicht gespielt